Basic naval architecture. (Record no. 546097)

000 -LEADER
fixed length control field 00495cam a22001571 4500
082 ## - DEWEY DECIMAL CLASSIFICATION NUMBER
Classification number 623.81
Author Mark BAR
-- L-14 P-10
100 1# - MAIN ENTRY--PERSONAL NAME
Personal name Barnaby, Kenneth C.
9 (RLIN) 42154
245 10 - TITLE STATEMENT
Title Basic naval architecture.
260 ## - PUBLICATION, DISTRIBUTION, ETC.
Place of publication, distribution, etc. London,
-- New York,
Name of publisher, distributor, etc. Hutchinson's Scientific and Technical Publications
Date of publication, distribution, etc. [1949]
300 ## - PHYSICAL DESCRIPTION
Extent 340 p.
Other physical details illus.
Dimensions 24 cm.
500 ## - GENERAL NOTE
General note Erratum slip inserted.
526 ## - STUDY PROGRAM INFORMATION NOTE
Program name 0
Interest level 0
Reading level 0
Title point value 623_810000000000000_BAR
650 #0 - SUBJECT ADDED ENTRY--TOPICAL TERM
Topical term or geographic name entry element MCE
9 (RLIN) 379
650 #0 - SUBJECT ADDED ENTRY--TOPICAL TERM
Topical term or geographic name entry element Naval architecture.
9 (RLIN) 42155
942 ## - ADDED ENTRY ELEMENTS (KOHA)
Source of classification or shelving scheme
Koha item type Book
Holdings
Withdrawn status Lost status Source of classification or shelving scheme Damaged status Not for loan Permanent Location Current Location Date acquired Total Checkouts Full call number Barcode Date last seen Price effective from Koha item type
          Military College of Engineering (MCE) Military College of Engineering (MCE) 06/02/2014   623.81 BAR MCE-30355 06/02/2014 06/02/2014 Book
© 2023 Central Library, National University of Sciences and Technology. All Rights Reserved.